Koltay-Kastner Jenő iratai

Elmentve itt :
Bibliográfiai részletek
Dokumentumtípus: Kézirat
Megjelent: 1945
Online Access:http://misc.bibl.u-szeged.hu/59182
LEADER 00477ntm a2200145 i 4500
001 misc59182
005 20210708151318.0
008 210708s1945 hu o 0|| hun d
040 |a SZTE Miscellanea Repozitórium  |b hun 
041 |a hun 
245 0 0 |a Koltay-Kastner Jenő iratai  |h [elektronikus dokumentum] 
260 |c 1945 
300 |a 35 
561 |a Szegedi helytörténeti dokumentumok 
856 4 0 |u http://misc.bibl.u-szeged.hu/59182/1/kolray_kastner_jeno_1945_iratok.pdf  |z Dokumentum-elérés